| 000 | 00348nam a2200133Ia 4500 | ||
|---|---|---|---|
| 008 | 230917s9999||||xx |||||||||||||| ||und|| | ||
| 040 |
_e93662 _aMAIN |
||
| 041 | _aEnglish | ||
| 082 | _a677 M289E | ||
| 100 | _aMajumdar, Amitabha | ||
| 245 | 0 | _aEvaluation of yarn quality from friction cohesion of fiber assemblies | |
| 300 | _a85 p. | ||
| 942 | _cTH | ||
| 999 |
_c49772 _d49772 |
||